Statystyki dla Kształty Państw na Litere A

Kliknij tutaj aby rozwiązać quiz!

Ogólne statystyki

  • Ten quiz został rozwiązany 30 razy
  • Średni wynik to 11 z 12

Odpowiedzi na mapie

Odpowiedzi skodowane kolorowo w zielono-czerwonej skali na mapie do tego quizu, zgodnie z poniższymi procentami.
 

Statystyki odpowiedzi

Odpowiedż% Poprawnych
Australia
100%
Angola
96%
Argentyna
96%
Austria
96%
Andora
93%
Arabia Saudyjska
93%
Azerbejdżan
93%
Afganistan
89%
Albania
82%
Armenia
82%
Antigua i Barbuda
75%
Algieria
71%

Rozkład punktacji

Percentyl według liczby udzielonych odpowiedzi

Procent ludzi z każdym wynikiem

Twoja historia wyników

Nie rozwiązałeś tego quizu